|
|
|
|
| LEADER |
00000csc a2200000 a 4500 |
| 001 |
79721 |
| 005 |
20231110062755.0 |
| 008 |
000000| ||||||||r|||||||||||spa|| |
| 040 |
|
|
|b spa
|
| 041 |
1 |
|
|a spa
|
| 082 |
0 |
|
|a E860.9
|
| 100 |
1 |
|
|a Montalvo, Juan.
|d 1832-1889
|9 229057
|
| 245 |
|
|
|a Las Catilinarias
|c Juan Montalvo, introducción de Hernán Rodríguez Castelo
|h imp
|n tomo 1
|
| 264 |
|
|
|a Quito
|b Publicaciones Educativas Ariel
|c s.f.
|
| 300 |
|
|
|a 173 páginas:
|c 18 cm
|
| 490 |
|
|
|a Clásicos Ariel
|n no. 65
|
| 610 |
1 |
0 |
|a
|9 82
|
| 650 |
1 |
0 |
|a Literatura ecuatoriana
|9 307
|
| 650 |
1 |
|
|a Ensayo ecuatoriano
|9 911
|
| 852 |
|
|
|a UC-CDJBV
|c ESTANTERIA CERRADA
|f Compra
|k sara.alvarado
|l 1
|m General
|p 00000000
|r 8
|t 79721
|b 0
|d CDRC
|e CDRC
|g E860.9 ESTANTERIA CERRADA
|z 0000-00-00
|
| 942 |
|
|
|
| 999 |
|
|
|c 127423
|d 127423
|